<?xml version="1.0" encoding="UTF-8"?><?xml-stylesheet type="text/xsl" href="static/style.xsl"?><OAI-PMH xmlns="http://www.openarchives.org/OAI/2.0/" xmlns:xsi="http://www.w3.org/2001/XMLSchema-instance" xsi:schemaLocation="http://www.openarchives.org/OAI/2.0/ http://www.openarchives.org/OAI/2.0/OAI-PMH.xsd"><responseDate>2026-04-30T01:34:05Z</responseDate><request verb="GetRecord" identifier="oai:riubu.ubu.es:10259/6390" metadataPrefix="marc">https://riubu.ubu.es/oai/request</request><GetRecord><record><header><identifier>oai:riubu.ubu.es:10259/6390</identifier><datestamp>2024-11-21T12:57:15Z</datestamp><setSpec>com_10259_6171</setSpec><setSpec>com_10259_5086</setSpec><setSpec>com_10259_2604</setSpec><setSpec>col_10259_6172</setSpec></header><metadata><record xmlns="http://www.loc.gov/MARC21/slim" xmlns:doc="http://www.lyncode.com/xoai" xmlns:xsi="http://www.w3.org/2001/XMLSchema-instance" xmlns:dcterms="http://purl.org/dc/terms/" xsi:schemaLocation="http://www.loc.gov/MARC21/slim http://www.loc.gov/standards/marcxml/schema/MARC21slim.xsd">
<leader>00925njm 22002777a 4500</leader>
<datafield tag="042" ind1=" " ind2=" ">
<subfield code="a">dc</subfield>
</datafield>
<datafield tag="720" ind1=" " ind2=" ">
<subfield code="a">Santamaría, Amaia</subfield>
<subfield code="e">author</subfield>
</datafield>
<datafield tag="720" ind1=" " ind2=" ">
<subfield code="a">Romera, Jesús María</subfield>
<subfield code="e">author</subfield>
</datafield>
<datafield tag="720" ind1=" " ind2=" ">
<subfield code="a">Marcos, Ignacio</subfield>
<subfield code="e">author</subfield>
</datafield>
<datafield tag="720" ind1=" " ind2=" ">
<subfield code="a">Revilla Cuesta, Víctor</subfield>
<subfield code="e">author</subfield>
</datafield>
<datafield tag="720" ind1=" " ind2=" ">
<subfield code="a">Ortega López, Vanesa</subfield>
<subfield code="e">author</subfield>
</datafield>
<datafield tag="260" ind1=" " ind2=" ">
<subfield code="c">2022-04</subfield>
</datafield>
<datafield tag="520" ind1=" " ind2=" ">
<subfield code="a">Electric Arc Furnace (EAF) slag can be reused as aggregate in Portland cement concrete mixes. The addition of EAFS and other waste co-products (fly ash, blast furnace slag) will modify the binding properties and will, importantly, enhance the global sustainability of such concretes. These mix designs offer acceptable pumpability and self-compaction in the fresh state and can be reinforced with fibers. In this study, eight different concrete mixes are designed within the range of medium-strength concretes (30–50 MPa) and are characterized in both the fresh and the hardened state. Large concrete volumes are used to pour reinforced beams, which are then subjected to small-span high-load tests to evaluate their resistance to shear stress, by analyzing two types of transversal (shear) reinforcement. The tests yielded promising results, contributing additional evidence on the viability of using recycled EAFS aggregate in structural applications. The mechanical behavior of these concretes was closely correlated with the strength predictions calculated with the formulas listed in various international standards.</subfield>
</datafield>
<datafield tag="024" ind2=" " ind1="8">
<subfield code="a">2352-7102</subfield>
</datafield>
<datafield tag="024" ind2=" " ind1="8">
<subfield code="a">http://hdl.handle.net/10259/6390</subfield>
</datafield>
<datafield tag="024" ind2=" " ind1="8">
<subfield code="a">10.1016/j.jobe.2021.103730</subfield>
</datafield>
<datafield ind1=" " ind2=" " tag="653">
<subfield code="a">Electric arc furnace slag</subfield>
</datafield>
<datafield ind1=" " ind2=" " tag="653">
<subfield code="a">Sustainable binder</subfield>
</datafield>
<datafield ind1=" " ind2=" " tag="653">
<subfield code="a">Fiber-reinforced mixes</subfield>
</datafield>
<datafield ind1=" " ind2=" " tag="653">
<subfield code="a">Self-compacting concrete</subfield>
</datafield>
<datafield ind1=" " ind2=" " tag="653">
<subfield code="a">Shear strength tests</subfield>
</datafield>
<datafield ind1=" " ind2=" " tag="653">
<subfield code="a">Strut-tie model</subfield>
</datafield>
<datafield tag="245" ind1="0" ind2="0">
<subfield code="a">Shear strength assessment of reinforced concrete components containing EAF steel slag aggregates</subfield>
</datafield>
</record></metadata></record></GetRecord></OAI-PMH>